书目信息 |
| 题名: |
复杂晶体化学键的介电理论及其应用
|
|
| 作者: | 张思远 著 | |
| 分册: | ||
| 出版信息: | 北京 科学出版社 2005 |
|
| 页数: | ||
| 开本: | 26cm | |
| 丛书名: | ||
| 单 册: | ||
| 中图分类: | O742 | |
| 科图分类: | ||
| 主题词: | 晶体化学 | |
| 电子资源: | ||
| ISBN: | 7-03-015338-3 | |
| 000 | 00551nam0 2200181 450 | |
| 001 | 0754114953 | |
| 005 | 20070929150154.95 | |
| 010 | @a7-03-015338-3@b精装 | |
| 100 | @a20070929d km y0chiy0120 ea | |
| 101 | 0 | @achi |
| 200 | 1 | @a复杂晶体化学键的介电理论及其应用@Afu za jing ti hua xue jian de jie dian li lun ji qi ying yong@f张思远 著@Fzhang si yuan zhu |
| 210 | @a北京@c科学出版社@d2005 | |
| 215 | @d26cm | |
| 606 | 0 | @a晶体化学 |
| 690 | @aO742@v3 | |
| 701 | 0 | @a张思远@Azhang si yuan@4著 |
| 801 | 0 | @aCN@bPFT@c20070929 |
| 905 | @a213230@dO742@eh8@f1 | |
| 复杂晶体化学键的介电理论及其应用/张思远 著.-北京:科学出版社,2005 |
| 26cm |
| ISBN 7-03-015338-3(精装): |
| ● |
| 相关链接 |
|
|
|
|
正题名:复杂晶体化学键的介电理论及其应用
索取号:O742/h8
 
预约/预借
| 序号 | 登录号 | 条形码 | 馆藏地/架位号 | 状态 | 备注 |
| 1 | 6002563 | 260025635 | 密集书库-化学系/ [索取号:O742/h8] | 在馆 |